Daň z nehnuteľnosti sa vyrubuje každý rok

Vyrubenie dane z nehnuteľností. Konanie, v ktorom sa vyrubuje daň, sadzby dane, ktorými správca dane vypočíta daň a rozsah násobku základnej ročnej sadzby. Obsah rozhodnutia ukladať povinnosti alebo priznávať práva. Platnosť, právoplatnosť a vykonateľnosť rozhodnutia. Vyrubenie rozdielu dane, splatn...

Description complète

Enregistré dans:
Détails bibliographiques
Auteur principal: Bubeníková, Irena
Format: Chapitre de livre
Langue:slovaque
Sujets:
Tags: Ajouter un tag
Pas de tags, Soyez le premier à ajouter un tag!

MARC

LEADER 00000naa a2200000 4500
001 0274708
005 20210604095506.6
041 0 |a slo 
044 |a SK 
245 1 0 |a Daň z nehnuteľnosti sa vyrubuje každý rok  |c Irena Bubeníková 
520 |a Vyrubenie dane z nehnuteľností. Konanie, v ktorom sa vyrubuje daň, sadzby dane, ktorými správca dane vypočíta daň a rozsah násobku základnej ročnej sadzby. Obsah rozhodnutia ukladať povinnosti alebo priznávať práva. Platnosť, právoplatnosť a vykonateľnosť rozhodnutia. Vyrubenie rozdielu dane, splatnosť vyrubenej dane a zánik práva vyrubiť daň. 
610 2 0 |a dane 
610 2 0 |a správa daňová 
610 2 0 |a nehnuteľnosti 
610 2 0 |a dane miestne 
610 2 0 |a obce 
100 1 |a Bubeníková, Irena